|
|
|
|
| LEADER |
00000nam a22000007a 4500 |
| 005 |
20130301145531.0 |
| 007 |
cr|||| |||| |
| 008 |
130301e2012 mx |||||s|||| 00||0 spa d |
| 020 |
|
|
|a 978-607-762-114-0
|
| 035 |
|
|
|a 7115
|
| 040 |
|
|
|a vLex
|
| 090 |
|
|
|c 3812
|d 3812
|
| 100 |
1 |
0 |
|a Cr̀denas y Np̀oles, Ral︢ Andrš
|
| 245 |
1 |
0 |
|a Costos I
|c / Ral︢ Andrš Cr̀denas y Np̀oles
|h [Recurso electrn̤ico]
|
| 256 |
|
|
|a Servicio en ln̕ea
|
| 260 |
|
|
|a Mx̌ico D.F. :
|b Instituto Mexicano de Contadores Pb︢licos,
|c 2012
|
| 300 |
|
|
|a 1 Recurso electrn̤ico
|
| 506 |
|
|
|d vLex Global
|d vLex Global (Academic Edition, excluding Law Schools)
|d vLex Global (U.S. Academic Edition, Law Schools)
|d vLex Global (U.S. Academic Edition, excluding Law Schools)
|d vLex Global (Academic Edition, Law Schools)
|
| 650 |
0 |
4 |
|a Administracin̤ (Management)
|
| 650 |
0 |
4 |
|a Empresa
|
| 650 |
0 |
4 |
|a Contabilidad
|
| 740 |
|
|
|a vLex Libros (Servicio en ln̕ea)
|
| 856 |
|
|
|a Acceso restringido
|u http://www.vlex.com/source/7115
|
| 942 |
|
|
|c BOOK
|
| 999 |
|
0 |
|a Enterprise
|